000 00980nac a22003257a 4500
001 BR0804263
003 BR-BrBNA
005 20240105123605.0
008 230509b bl.|||m| |||| 00| 0 por d
040 _aBR-BrBNA
_bpor
_cBiblioteca Nacional de Agricultura
072 _aP35; F04
090 _a3854 BR0804263
100 1 _aPillon, C.N.
100 1 _aMielniczuk, J.
100 1 _aMartin Neto, L.
110 1 _aEMBRAPA Clima Temperado, Pelotas, RS (Brasil)
245 1 _aDinâmica da matéria orgânica no ambiente
260 3 _aPelotas, RS (Brasil):
_c2002.
300 _a41 p.
490 _aDocumentos - EMBRAPA Clima Temperado (Brazil)
_vno. 105
_xISSN 1516-8840
500 _aBibliography
650 _aMEIO AMBIENTE
650 _aMATÉRIA ORGÂNICA
650 _aADUBO ORGÂNICO
650 _aCOMPOSTO ORGÂNICO
650 _aFERTILIZANTE
650 _aPROTEÇÃO AMBIENTAL
909 _a202312
_bLúcia Elande
_c55
_dLúcia Elande
942 _2AGRIS
_n0
_cMS
999 _c296127
_d296127